[Event "ESTCC U65 2018"]
[Site "Walbrzych"]
[Date "2018.04.15"]
[Round "2"]
[White "Mortensen, Steen Juul"]
[Black "Nilsson, Christer"]
[Result "0-1"]
[WhiteElo "1940"]
[BlackElo "1931"]
[Annotator "NA RC"]
[PlyCount "134"]
[EventDate "2018.??.??"]
[EventCountry "POL"]
[SourceTitle "playchess.com"]
[Source "ChessBase"]
[SourceQuality "1"]
[WhiteTeam "Denmark"]
[BlackTeam "Sweden"]
[WhiteTeamCountry "DEN"]
[BlackTeamCountry "SWE"]
[TimeControl "40/5400+30:1800+30"]

1. d4 {[%emt 0:00:00]} Nf6 {[%emt 0:00:09]} 2. c4 {[%emt 0:00:00]} g6 {[%emt 0:00:10]} 3. Nc3 {[%emt 0:00:00]} Bg7 {[%emt 0:00:06]} 4. e4 {[%emt 0:00:00]} d6 {[%emt 0:00:08]} 5. Nf3 {[%emt 0:00:02]} O-O {[%emt 0:00:18]} 6. Be2 {[%emt 0:00:10] LiveBook: 39007 Games} e5 {[%emt 0:00:20]} 7. O-O {[%emt 0:00:47]} Na6 {[%emt 0:00:44]} 8. dxe5 {[%emt 0:01:54]} dxe5 {[%emt 0:00:24]} 9. Be3 {[%emt 0:01:33]} c6 {[%emt 0:07:42]} 10. Qc2 {[%emt 0:02:58] E94: King's Indian: Classical: 6 Be2 e5 7 0-0: Various Black 7th moves} (10. Qxd8 Rxd8 11. h3 Re8 12. a3 b6 13. b4 Bb7 14. Nd2 Bf8 15. Rfd1 Kg7 16. Nb3 c5 17. bxc5 Nxc5 18. Nxc5 Bxc5 19. Bxc5 bxc5 {0-1 (31) Moradiabadi,E (2576)-Shimanov,A (2642) Burlingame 2017}) 10... Ng4 {[%emt 0:09:38]} 11. Bg5 {[%emt 0:03:19]} Qe8 {[%emt 0:00:51]} 12. h3 {[%emt 0:01:08]} h6 $146 {[%emt 0:06:34]} ({Predecessor:} 12... Nf6 13. Rad1 Nd7 14. Rfe1 Nac5 15. b4 Ne6 16. Be3 f5 17. c5 {0-1 (35) Thorn,E (2140)-Wallace,J (2383) Stockholm 2015}) 13. Bd2 {[%emt 0:06:10]} Nf6 {[%emt 0:01:11]} 14. Qc1 {[%emt 0:08:41]} Kh7 {[%emt 0:00:43]} 15. Be3 {[%emt 0:00:55]} Qe7 {[%emt 0:06:20]} 16. Qc2 {[%emt 0:05:29]} Nh5 {[%emt 0:07:38]} 17. Rfe1 {[%emt 0:04:45]} Nf4 {[%emt 0:03:37]} 18. Bf1 {[%emt 0:00:41]} Nc5 {[%emt 0:09:25]} 19. Rad1 {[%emt 0:04:10]} Nce6 {[%emt 0:01:41]} 20. Kh2 {[%emt 0:10:54]} Ng5 {[%emt 0:04:21]} 21. Nxg5+ {[%emt 0:04:33]} hxg5 {[%emt 0:00:22]} 22. g3 {[%emt 0:11:32]} Ne6 {[%emt 0:01:30]} 23. Qd2 {[%emt 0:03:58]} Rh8 {[%emt 0:01:36]} 24. Bg2 {[%emt 0:03:17]} Kg8 {[%emt 0:02:16]} 25. Qd6 {[%emt 0:03:42]} Qf6 {[%emt 0:00:34]} 26. Rh1 {[%emt 0:03:00]} Bf8 {[%emt 0:01:38]} 27. Qd2 {[%emt 0:00:18]} Be7 {[%emt 0:00:59]} 28. Kg1 {[%emt 0:05:47]} Kg7 {[%emt 0:01:30]} 29. Ne2 {[%emt 0:03:20]} Rd8 {[%emt 0:02:44]} 30. Qc1 {[%emt 0:01:34]} Bc5 {[%emt 0:02:44]} 31. Rxd8 {[%emt 0:01:09]} Qxd8 {[%emt 0:00:19]} 32. Bxc5 {[%emt 0:01:10]} Nxc5 {[%emt 0:00:07]} 33. Kh2 {[%emt 0:01:27]} Be6 {[%emt 0:03:32]} 34. Rd1 {[%emt 0:03:33]} Qf6 {[%emt 0:01:27]} 35. f3 {[%emt 0:00:59]} (35. Qe3 $142 b6 36. b3) 35... Rd8 {[%emt 0:01:20]} 36. Rxd8 {[%emt 0:01:16]} Qxd8 {[%emt 0:00:53]} 37. Qe3 {[%emt 0:01:43]} b6 {[%emt 0:00:54]} 38. b3 {[%emt 0:01:42]} f6 {[%emt 0:01:46]} 39. f4 {[%emt 0:00:52]} gxf4 {[%emt 0:01:14]} 40. gxf4 {[%emt 0:00:00]} Qd3 {[%emt 0:01:18]} 41. Qxd3 {[%emt 0:02:07]} Nxd3 {[%emt 0:01:34]} 42. fxe5 {[%emt 0:03:04]} fxe5 {[%emt 0:01:51]} 43. Kg3 {[%emt 0:01:09]} Kf6 {[%emt 0:01:36]} 44. Bf3 {[%emt 0:06:15]} a5 {[%emt 0:08:27]} 45. Bg4 {[%emt 0:02:48]} Nc5 {[%emt 0:01:44]} 46. Bxe6 {[%emt 0:02:43]} Nxe4+ {[%emt 0:00:41]} 47. Kg4 {[%emt 0:05:36]} Kxe6 {[%emt 0:00:18]} 48. h4 {[%emt 0:00:32]} c5 {[%emt 0:03:56]} (48... b5 $19 49. Nc1 bxc4 50. bxc4 Kf6) 49. h5 {[%emt 0:01:33]} gxh5+ {[%emt 0:00:47]} 50. Kxh5 {[%emt 0:00:01]} Kf5 {[%emt 0:01:12]} 51. Kh4 {[%emt 0:00:21]} Nf6 {[%emt 0:01:32]} 52. Kg3 {[%emt 0:00:36]} e4 {[%emt 0:05:21]} (52... Ke4 $142 53. Kf2 Kd3) 53. Nc3 {[%emt 0:01:29]} Ke5 {[%emt 0:01:09]} 54. Ne2 {[%emt 0:02:19]} Ne8 {[%emt 0:02:30]} 55. Kf2 {[%emt 0:00:36]} Nd6 {[%emt 0:03:00]} 56. Ke3 {[%emt 0:00:14]} Nf5+ {[%emt 0:01:07]} 57. Kd2 {[%emt 0:00:29]} (57. Kf2 $142 a4 58. bxa4) 57... Nd4 {[%emt 0:02:04]} 58. Nc3 {[%emt 0:00:10]} Kf4 {[%emt 0:01:17]} 59. Nd5+ {[%emt 0:00:15]} Kf3 {[%emt 0:00:58]} 60. Ne3 {[%emt 0:00:12]} Ne6 {[%emt 0:05:30]} 61. Nd5 {[%emt 0:01:15]} Kf2 {[%emt 0:02:07]} 62. Ne3 {[%emt 0:00:16]} Nf4 $2 {[%emt 0:04:54]} (62... Nf8 $19 63. Ng4+ Kf3 64. Nh2+ Kf2 65. Ng4+ Kg3) 63. Ng4+ $1 {[%emt 0:00:10]} Kg3 $11 {[%emt 0:01:31]} 64. Ne3 $2 {[%emt 0:00:17]} (64. Ne5 $11 a4 65. Ke3 axb3 66. axb3) 64... Kf3 {[%emt 0:00:21]} 65. Nf1 {[%emt 0:02:08]} Ng2 $19 {[%emt 0:00:22]} 66. Nh2+ {[%emt 0:00:18]} Kg3 {[%emt 0:00:14]} 67. Nf1+ {[%emt 0:02:02]} Kf2 {[%emt 0:00:06]} 0-1

[Event "ESTCC U65 2018"]
[Site "Walbrzych"]
[Date "2018.04.15"]
[Round "2"]
[White "Just, Joachim"]
[Black "Kauko, Pekka"]
[Result "1-0"]
[WhiteElo "1928"]
[BlackElo "1961"]
[Annotator "NA RC"]
[PlyCount "107"]
[EventDate "2018.??.??"]
[EventCountry "POL"]
[SourceTitle "playchess.com"]
[Source "ChessBase"]
[SourceQuality "1"]
[WhiteTeam "Germany"]
[BlackTeam "Finland"]
[WhiteTeamCountry "GER"]
[BlackTeamCountry "FIN"]
[TimeControl "40/5400+30:1800+30"]

1. d4 {[%emt 0:00:00]} Nf6 {[%emt 0:00:19]} 2. Bg5 {[%emt 0:00:06]} d5 {[%emt 0:01:17]} 3. Nf3 {[%emt 0:00:53]} e6 {[%emt 0:00:57]} 4. e3 {[%emt 0:00:35]} c5 {[%emt 0:02:30]} 5. c3 {[%emt 0:00:26]} Be7 {[%emt 0:02:32]} 6. Nbd2 {[%emt 0:00:59]} O-O {[%emt 0:00:38] D03: 1 d4 d5 2 Nf3 Nf6 3 Bg5, including Torre Attack with early ...d5} 7. Ne5 {[%emt 0:01:17]} (7. Bd3 b6 8. O-O Ba6 9. Bxa6 Nxa6 10. Ne5 Nb8 11. Rc1 Nfd7 12. Bxe7 Qxe7 13. f4 Nxe5 14. fxe5 Nd7 15. Qe2 f6 16. exf6 Rxf6 17. Rxf6 Nxf6 {½-½ (42) Radjabov,T (2710)-Naiditsch,A (2687) Doha 2016}) 7... Nfd7 {[%emt 0:05:33]} 8. Bxe7 {[%emt 0:03:58]} Qxe7 {[%emt 0:00:03]} 9. Ndf3 {[%emt 0:01:02]} b6 {[%emt 0:01:19]} 10. Be2 {[%emt 0:01:50]} Bb7 {[%emt 0:00:44]} 11. O-O {[%emt 0:00:33]} f6 {[%emt 0:00:38]} 12. Nxd7 {[%emt 0:01:18]} Nxd7 {[%emt 0:00:07]} 13. Bb5 $146 {[%emt 0:00:21]} ({Predecessor:} 13. Nd2 e5 14. f4 cxd4 15. exd4 exd4 16. cxd4 {0-1 (43) Bauner,J (2032)-Borsos,B (2228) Aalborg 2014}) 13... a6 {[%emt 0:04:42]} 14. Ba4 {[%emt 0:02:48]} Rad8 {[%emt 0:01:14]} 15. Bc2 {[%emt 0:03:05]} e5 {[%emt 0:01:48]} 16. Nh4 {[%emt 0:02:53]} f5 {[%emt 0:39:01]} (16... g6 $11) 17. Nxf5 {[%emt 0:04:24]} Qf6 {[%emt 0:02:56]} 18. Ng3 {[%emt 0:01:22]} Qe6 {[%emt 0:06:18]} 19. Qh5 {[%emt 0:04:02]} g6 {[%emt 0:00:30]} 20. Qh4 {[%emt 0:01:01]} Nf6 {[%emt 0:02:39]} 21. Qg5 {[%emt 0:05:33]} Kh8 {[%emt 0:07:15]} 22. Qxe5 {[%emt 0:03:37]} Qxe5 {[%emt 0:00:18]} 23. dxe5 {[%emt 0:00:08]} Ng4 {[%emt 0:00:12]} 24. e6 {[%emt 0:00:50]} Rde8 {[%emt 0:00:44]} 25. e4 {[%emt 0:02:03]} Rxe6 {[%emt 0:00:43]} 26. exd5 {[%emt 0:01:13]} Bxd5 {[%emt 0:00:09]} 27. h3 {[%emt 0:00:46]} Nf6 {[%emt 0:01:01]} 28. Rfd1 {[%emt 0:00:36]} Rfe8 {[%emt 0:00:40]} 29. Bb3 {[%emt 0:02:23]} c4 {[%emt 0:00:33]} 30. Bc2 {[%emt 0:00:07]} Kg7 {[%emt 0:00:13]} 31. Kf1 {[%emt 0:00:48]} h5 {[%emt 0:00:16]} 32. Rd4 {[%emt 0:02:12]} Re5 {[%emt 0:02:51]} 33. Rad1 {[%emt 0:01:18]} b5 {[%emt 0:00:44]} 34. a4 $14 {[%emt 0:03:21]} ({White should try} 34. a3 $16) 34... R8e7 {[%emt 0:02:31]} 35. f3 {[%emt 0:03:21]} Bb7 {[%emt 0:02:00]} 36. h4 {[%emt 0:01:48]} a5 {[%emt 0:00:52]} 37. Rd6 {[%emt 0:04:39]} b4 {[%emt 0:01:50]} 38. cxb4 {[%emt 0:01:06]} axb4 {[%emt 0:00:03]} 39. Rb6 {[%emt 0:00:49]} b3 {[%emt 0:02:17]} 40. Bb1 {[%emt 0:00:00]} R5e6 {[%emt 0:00:27]} 41. Rxe6 {[%emt 0:02:45]} Rxe6 {[%emt 0:00:01]} 42. Ne2 {[%emt 0:02:18]} Nd5 {[%emt 0:00:56]} 43. Kf2 {[%emt 0:00:39]} Bc6 {[%emt 0:01:18]} 44. Nd4 {[%emt 0:00:34]} Bd7 {[%emt 0:01:57]} 45. Nxe6+ {[%emt 0:00:21]} Bxe6 {[%emt 0:00:01]} 46. Be4 {[%emt 0:00:34]} Nb4 {[%emt 0:00:52]} 47. a5 {[%emt 0:00:58]} Kf6 {[%emt 0:00:49]} 48. Rd6 {[%emt 0:00:40]} Ke5 {[%emt 0:00:43]} 49. Rb6 {[%emt 0:00:19]} Na2 {[%emt 0:00:32]} 50. a6 {[%emt 0:00:51]} c3 {[%emt 0:00:19]} 51. bxc3 {[%emt 0:00:42]} Nxc3 {[%emt 0:00:02]} 52. Bxg6 {[%emt 0:00:44]} Bd5 {[%emt 0:00:31]} 53. a7 {[%emt 0:00:26]} b2 {[%emt 0:00:29]} 54. Ke1 {[%emt 0:01:23]} 1-0

[Event "ESTCC U65 2018"]
[Site "Walbrzych"]
[Date "2018.04.15"]
[Round "2"]
[White "Gustavsson, Bo"]
[Black "Koskinen, Veikko"]
[Result "1/2-1/2"]
[WhiteElo "1915"]
[BlackElo "2012"]
[Annotator "NA RC"]
[PlyCount "30"]
[EventDate "2018.??.??"]
[EventCountry "POL"]
[SourceTitle "playchess.com"]
[Source "ChessBase"]
[SourceQuality "1"]
[WhiteTeam "Sweden"]
[BlackTeam "Finland"]
[WhiteTeamCountry "SWE"]
[BlackTeamCountry "FIN"]
[TimeControl "40/5400+30:1800+30"]

1. Nf3 {[%emt 0:00:00]} f5 {[%emt 0:00:11]} 2. c4 {[%emt 0:00:00]} Nf6 {[%emt 0:01:09]} 3. Nc3 {[%emt 0:00:09]} g6 {[%emt 0:00:31]} 4. d4 {[%emt 0:00:17]} Bg7 {[%emt 0:00:12]} 5. g3 {[%emt 0:03:31]} O-O {[%emt 0:00:23]} 6. Bg2 {[%emt 0:00:01]} d6 {[%emt 0:00:20]} 7. O-O {[%emt 0:00:12]} Nc6 {[%emt 0:04:03]} 8. d5 {[%emt 0:03:47]} Ne5 {[%emt 0:00:37]} 9. Nxe5 {[%emt 0:03:13]} dxe5 {[%emt 0:00:10]} 10. e4 {[%emt 0:00:06]} f4 {[%emt 0:01:29]} 11. f3 {[%emt 0:11:03]} g5 {[%emt 0:01:37]} 12. g4 {[%emt 0:02:15]} h5 {[%emt 0:06:40]} 13. h3 $11 {[%emt 0:00:24] LiveBook: 5 Games} hxg4 {[%emt 0:04:21]} 14. hxg4 {[%emt 0:02:26]} c6 {[%emt 0:22:50]} 15. Rf2 {[%emt 0:05:10]} Qd6 1/2-1/2

[Event "ESTCC U65 2018"]
[Site "Walbrzych"]
[Date "2018.04.15"]
[Round "2"]
[White "Vehkalahti, Veli"]
[Black "Hedin, Gunnar"]
[Result "0-1"]
[WhiteElo "1880"]
[BlackElo "2174"]
[Annotator "RC"]
[PlyCount "100"]
[EventDate "2018.??.??"]
[EventCountry "POL"]
[SourceTitle "playchess.com"]
[Source "ChessBase"]
[SourceQuality "1"]
[WhiteTeam "Finland"]
[BlackTeam "Sweden"]
[WhiteTeamCountry "FIN"]
[BlackTeamCountry "SWE"]
[TimeControl "40/5400+30:1800+30"]

1. d4 {[%emt 0:00:00]} f5 {[%emt 0:00:42]} 2. c4 {[%emt 0:00:26]} Nf6 {[%emt 0:00:37]} 3. g3 {[%emt 0:00:25]} g6 {[%emt 0:00:31]} 4. Bg2 {[%emt 0:00:08]} Bg7 {[%emt 0:00:23]} 5. Nf3 {[%emt 0:00:12]} O-O {[%emt 0:00:41]} 6. O-O {[%emt 0:00:23]} d6 {[%emt 0:00:14]} 7. Nc3 {[%emt 0:01:24]} c6 {[%emt 0:00:21]} 8. Bf4 {[%emt 0:05:12]} h6 {[%emt 0:04:16]} 9. Qc2 {[%emt 0:02:03]} Nh5 {[%emt 0:10:23]} 10. Bd2 {[%emt 0:07:55]} e5 {[%emt 0:03:40]} 11. dxe5 {[%emt 0:03:31]} dxe5 {[%emt 0:00:08]} 12. Rad1 {[%emt 0:05:57]} Qe8 {[%emt 0:02:25]} 13. e4 {[%emt 0:02:31]} f4 {[%emt 0:02:00]} 14. Ne2 {[%emt 0:04:27]} g5 {[%emt 0:07:59]} 15. Ne1 {[%emt 0:14:41]} g4 {[%emt 0:16:02]} 16. f3 {[%emt 0:02:22]} Na6 {[%emt 0:04:31]} 17. gxf4 {[%emt 0:10:00]} exf4 {[%emt 0:02:39]} 18. Bc3 {[%emt 0:06:55]} Qg6 {[%emt 0:03:52]} 19. Bxg7 {[%emt 0:01:38]} Qxg7 {[%emt 0:03:45]} 20. Rd6 {[%emt 0:09:38]} g3 {[%emt 0:04:25]} 21. Qd2 {[%emt 0:09:16]} gxh2+ {[%emt 0:03:25]} 22. Kh1 {[%emt 0:06:09]} Nc7 {[%emt 0:02:30]} 23. Rd8 {[%emt 0:02:29]} Be6 {[%emt 0:01:28]} 24. Rxa8 {[%emt 0:00:42]} Nxa8 {[%emt 0:00:06]} 25. b3 {[%emt 0:00:32]} Nc7 {[%emt 0:01:22]} 26. Nd3 {[%emt 0:01:29]} Qg5 {[%emt 0:00:19]} 27. Nf2 {[%emt 0:00:47]} Kh7 {[%emt 0:04:17]} 28. Bh3 {[%emt 0:01:16]} Rg8 {[%emt 0:02:05]} 29. Bg4 {[%emt 0:00:08]} Ng3+ {[%emt 0:10:23]} 30. Nxg3 {[%emt 0:00:35]} fxg3 {[%emt 0:00:19]} 31. Qxg5 {[%emt 0:00:04]} Rxg5 {[%emt 0:00:20]} 32. Nh3 {[%emt 0:00:53]} Rg7 {[%emt 0:00:41]} 33. Nf4 {[%emt 0:00:38]} Bxg4 {[%emt 0:01:05]} 34. fxg4 {[%emt 0:00:03]} Rxg4 {[%emt 0:00:49]} 35. Kg2 {[%emt 0:00:18]} Ne8 {[%emt 0:03:46]} 36. Nh5 {[%emt 0:00:25]} Rxe4 {[%emt 0:01:16]} 37. Nxg3 {[%emt 0:00:02]} Re7 {[%emt 0:01:06]} 38. Kxh2 {[%emt 0:00:00]} Kg6 {[%emt 0:00:00]} 39. Kg2 {[%emt 0:00:35]} Nf6 {[%emt 0:00:46]} 40. Rf2 {[%emt 0:00:00]} Re5 {[%emt 0:01:26]} 41. Rd2 {[%emt 0:10:11]} Rg5 {[%emt 0:00:45]} 42. Rd4 {[%emt 0:02:50]} Nh5 {[%emt 0:01:00]} 43. Rd6+ {[%emt 0:01:47]} Kh7 {[%emt 0:02:37]} 44. Rd7+ {[%emt 0:00:09]} Kg8 {[%emt 0:00:18]} 45. Rxb7 {[%emt 0:05:54]} Rxg3+ {[%emt 0:01:25]} 46. Kh2 {[%emt 0:00:38]} Rg7 {[%emt 0:00:10]} 47. Rb4 {[%emt 0:00:41]} Nf4 {[%emt 0:03:37]} 48. Ra4 {[%emt 0:00:15]} Nd3 {[%emt 0:02:15]} 49. a3 {[%emt 0:03:44]} Nc5 {[%emt 0:01:21]} 50. Rb4 {[%emt 0:02:30]} Rb7 {[%emt 0:00:11]} 0-1

[Event "ESTCC U65 2018"]
[Site "Walbrzych"]
[Date "2018.04.15"]
[Round "2"]
[White "Dalling, Peter"]
[Black "Ruotanen, Helge"]
[Result "1/2-1/2"]
[WhiteElo "1844"]
[BlackElo "1921"]
[Annotator "NA RC"]
[PlyCount "40"]
[EventDate "2018.??.??"]
[EventCountry "POL"]
[SourceTitle "playchess.com"]
[Source "ChessBase"]
[SourceQuality "1"]
[WhiteTeam "Sweden"]
[BlackTeam "Finland"]
[WhiteTeamCountry "SWE"]
[BlackTeamCountry "FIN"]
[TimeControl "40/5400+30:1800+30"]

1. e4 {[%emt 0:00:00]} g6 {[%emt 0:00:24]} 2. d4 {[%emt 0:00:00]} d6 {[%emt 0:00:13]} 3. Nf3 {[%emt 0:00:19]} Bg7 {[%emt 0:00:22]} 4. Be3 {[%emt 0:01:03]} Nf6 {[%emt 0:00:58]} 5. Nc3 {[%emt 0:02:22]} c6 {[%emt 0:01:40]} 6. h3 {[%emt 0:01:06]} O-O {[%emt 0:01:19]} 7. Qd2 {[%emt 0:03:38]} e5 {[%emt 0:02:14]} 8. dxe5 {[%emt 0:02:54]} dxe5 {[%emt 0:00:15]} 9. Qxd8 {[%emt 0:02:12]} Rxd8 {[%emt 0:00:02]} 10. Bc4 {[%emt 0:00:33]} Nbd7 {[%emt 0:05:10]} 11. O-O-O {[%emt 0:03:01]} Rf8 {[%emt 0:06:54]} 12. g4 {[%emt 0:05:13]} b5 {[%emt 0:00:58]} 13. Bd3 {[%emt 0:02:55]} Re8 {[%emt 0:03:00]} 14. g5 {[%emt 0:02:10]} Nh5 {[%emt 0:00:15]} 15. Be2 {[%emt 0:00:24]} Bf8 {[%emt 0:00:03]} 16. Nh2 {[%emt 0:01:43]} Ng7 {[%emt 0:01:15]} 17. Ng4 $14 {[%emt 0:02:32]} Nh5 {[%emt 0:00:03]} 18. Nh2 {[%emt 0:01:26]} Ng7 {[%emt 0:00:26]} 19. Ng4 {[%emt 0:00:06]} Nh5 {[%emt 0:00:09]} 20. Nh2 {[%emt 0:00:47]} Ng7 1/2-1/2

[Event "ESTCC U65 2018"]
[Site "Walbrzych"]
[Date "2018.04.15"]
[Round "2"]
[White "Rintakoski, Pentti"]
[Black "Andersson, Kenneth"]
[Result "1/2-1/2"]
[WhiteElo "1797"]
[BlackElo "1763"]
[Annotator "NA RC"]
[PlyCount "40"]
[EventDate "2018.??.??"]
[EventCountry "POL"]
[SourceTitle "playchess.com"]
[Source "ChessBase"]
[SourceQuality "1"]
[WhiteTeam "Finland"]
[BlackTeam "Sweden"]
[WhiteTeamCountry "FIN"]
[BlackTeamCountry "SWE"]
[TimeControl "40/5400+30:1800+30"]

1. e4 {[%emt 0:00:00]} c5 {[%emt 0:00:27]} 2. Bc4 {[%emt 0:00:18]} Nc6 {[%emt 0:00:32]} 3. Nf3 {[%emt 0:00:14]} e6 {[%emt 0:01:09]} 4. c3 {[%emt 0:01:19]} d5 {[%emt 0:01:26]} 5. exd5 {[%emt 0:00:29]} exd5 {[%emt 0:00:07]} 6. Bb3 {[%emt 0:00:24]} Nf6 {[%emt 0:00:50]} 7. O-O {[%emt 0:00:16]} Be7 {[%emt 0:00:49]} 8. d3 {[%emt 0:00:37]} h6 {[%emt 0:00:42]} 9. Re1 {[%emt 0:01:19]} O-O {[%emt 0:00:24]} 10. h3 {[%emt 0:00:44]} Be6 {[%emt 0:01:12]} 11. Bf4 {[%emt 0:01:03]} Qd7 {[%emt 0:02:58]} 12. Nbd2 {[%emt 0:01:40]} Bf5 {[%emt 0:05:02]} 13. Nf1 {[%emt 0:00:29]} Rad8 {[%emt 0:01:12]} 14. Qd2 {[%emt 0:00:59]} Bd6 {[%emt 0:07:05]} 15. Ng3 {[%emt 0:01:03]} Be6 {[%emt 0:02:55]} 16. Bc2 {[%emt 0:03:51]} d4 {[%emt 0:02:15]} 17. Bxd6 {[%emt 0:05:28]} Qxd6 18. Ne4 Nxe4 19. dxe4 Ne5 {[%emt 0:09:15]} 20. Nxe5 {[%emt 0:04:19]} Qxe5 1/2-1/2

[Event "ESTCC U65 2018"]
[Site "Walbrzych"]
[Date "2018.04.16"]
[Round "3"]
[White "Lisenko, Alexander V"]
[Black "Ackermann, Hans Werner"]
[Result "1/2-1/2"]
[WhiteElo "2368"]
[BlackElo "2211"]
[Annotator "TA"]
[PlyCount "45"]
[EventDate "2018.??.??"]
[EventCountry "POL"]
[SourceTitle "playchess.com"]
[Source "ChessBase"]
[SourceQuality "1"]
[WhiteTeam "Russia"]
[BlackTeam "Germany"]
[WhiteTeamCountry "RUS"]
[BlackTeamCountry "GER"]

{[%evp 19,45,5,17,-28,14,-11,-16,-33,6,0,0,0,0,-14,45,45,45,43,45,0,51,43,47,41,32,34,31,28]} 1. Nf3 d6 2. d4 Nf6 3. c4 g6 4. g3 Bg7 5. Bg2 O-O 6. O-O Nc6 {[%cal Bb8c6,Bc6e7,Be7d5][%mdl 32]} 7. h3 a6 8. Be3 e6 9. Nc3 Rb8 10. Rc1 Ne7 {LiveBook: 8 Games} 11. Rc2 {E63: King's Indian: Fianchetto: Panno Variation with 7...a6} Bd7 $146 ({Predecessor:} 11... b5 12. cxb5 axb5 13. Qc1 Bb7 14. Bg5 Re8 15. b4 {½-½ (15) Mozny,M (2373)-Talla,V (2411) Czechia 2007}) 12. b4 b5 13. cxb5 {The position is equal.} axb5 14. Qc1 Nfd5 15. Nxd5 Nxd5 16. Bd2 c6 (16... f5 $11) 17. e4 $14 {[%cal Be2e4,Be4e5][%mdl 32]} Nb6 18. Bf4 Qe7 19. Rd1 (19. e5 $5 {[%cal Re5d6]}) 19... Rb7 ({Better is} 19... f6 $11) 20. e5 {White is slightly better.} d5 21. a3 Ra8 22. Rc3 Rba7 23. Bf1 {Precision: White = 38%, Black = 58%.} 1/2-1/2

[Event "ESTCC U65 2018"]
[Site "Walbrzych"]
[Date "2018.04.16"]
[Round "3"]
[White "Tunik, Gennady"]
[Black "Baum, Bernd"]
[Result "1-0"]
[WhiteElo "2351"]
[BlackElo "2290"]
[Annotator "TA"]
[PlyCount "111"]
[EventDate "2018.??.??"]
[EventCountry "POL"]
[SourceTitle "playchess.com"]
[Source "ChessBase"]
[SourceQuality "1"]
[WhiteTeam "Russia"]
[BlackTeam "Germany"]
[WhiteTeamCountry "RUS"]
[BlackTeamCountry "GER"]

{[%evp 18,111,11,8,50,13,16,21,21,19,8,34,31,12,8,0,10,8,39,15,12,8,13,13,18,27,22,22,33,16,31,21,21,23,45,43,55,53,56,27,24,0,0,0,0,0,0,0,49,58,76,74,69,62,110,95,115,114,112,127,126,74,74,74,142,55,74,25,156,170,581,573,556,551,493,480,819,700,1112,1006,975,364,364,364,2029,1513,12841,12842,12847,12845,12848,12841,12851,12851,12851,12851]} 1. d4 d5 2. c4 e6 3. Nf3 Nf6 4. Nc3 c6 5. e3 Nbd7 6. Qc2 a6 7. b3 Bb4 {D45: Semi-Slav: 5 e3} (7... Bd6 8. Bb2 b6 9. Bd3 Bb7 10. O-O O-O 11. e4 dxe4 12. Nxe4 Nxe4 13. Bxe4 Nf6 14. Bd3 h6 15. Rad1 Qe7 {1-0 (35) Ivanchuk,V (2726)-Korobov,A (2652) Huaian 2017}) 8. Bd2 O-O 9. Be2 Qe7 10. O-O {LiveBook: 9 Games} e5 11. cxd5 cxd5 12. dxe5 Nxe5 13. Nxe5 Qxe5 14. Ne4 Be7 15. Ng3 {[#]} Ne4 $146 ({Predecessor:} 15... Be6) 16. Nxe4 dxe4 17. Bc3 Qf5 18. Bd4 Qg6 {Strongly threatening ...Bh3.} 19. Kh1 Bd6 20. Bc5 Bxc5 21. Qxc5 Bd7 22. Rad1 Rac8 23. Qa5 Bc6 24. Rd4 Qf6 25. Kg1 Rce8 26. Rfd1 Re5 27. Qd2 g6 28. Rd6 Re6 29. Bc4 (29. Rxe6 {with more complications.} Qxe6 30. g3 Qe7 31. h4 h5 32. Qa5) 29... Rxd6 30. Qxd6 Qxd6 31. Rxd6 $11 {[%mdl 4096] Endgame KRB-KRB} Rc8 32. g4 a5 33. Kg2 Kf8 34. Rd4 Ke7 35. Bd5 f5 36. Bxc6 Rxc6 37. gxf5 gxf5 $16 {KR-KR} 38. Rd5 a4 39. bxa4 ({White should play} 39. Rxf5 {Threatens to win with Re5+.} axb3 40. axb3) 39... Ke6 40. Rb5 Rc2 ({Better is} 40... Rc4) 41. Rxb7 (41. a3 $16) 41... Rxa2 42. Kg3 h5 (42... f4+ $11 {keeps the balance.} 43. Kxf4 Rxf2+ 44. Kxe4 Rxh2) 43. Rb6+ Ke5 $2 (43... Kf7 44. Ra6 f4+ 45. exf4 (45. Kxf4 Rxf2+ 46. Kxe4 Rxh2 $16) 45... h4+ 46. Kxh4 Rxf2) 44. Rb5+ $18 Ke6 {[#]} 45. h4 $1 Kf6 46. Ra5 Ke6 (46... Rc2 $142 47. Ra8 Rc7) 47. Ra8 Kd5 48. a5 {[%cal Ba4a5,Ba5a6][%mdl 32]} f4+ 49. exf4 $2 {[#]} (49. Kxf4 Rxf2+ 50. Kg5) 49... Ra3+ 50. Kg2 e3 $2 (50... Ra2 51. a6 e3) 51. fxe3 {White is clearly winning.} Rxe3 52. a6 Kc6 53. Rh8 Kb6 54. Rxh5 Kxa6 55. Re5 Rb3 56. h5 {Precision: White = 60%, Black = 25%.} 1-0

[Event "ESTCC U65 2018"]
[Site "Walbrzych"]
[Date "2018.04.16"]
[Round "3"]
[White "Buchal, Stephan"]
[Black "Balashov, Yuri S"]
[Result "1/2-1/2"]
[WhiteElo "2310"]
[BlackElo "2421"]
[Annotator "TA"]
[PlyCount "57"]
[EventDate "2018.??.??"]
[EventCountry "POL"]
[SourceTitle "playchess.com"]
[Source "ChessBase"]
[SourceQuality "1"]
[WhiteTeam "Germany"]
[BlackTeam "Russia"]
[WhiteTeamCountry "GER"]
[BlackTeamCountry "RUS"]

{[%evp 16,57,25,27,52,49,38,49,52,54,80,69,69,57,69,64,72,56,85,77,77,66,66,61,72,48,60,20,43,33,34,41,35,32,39,36,26,6,10,9,17,2,12,0]} 1. c4 e5 2. g3 Nc6 3. Nc3 g6 4. Bg2 Bg7 5. e4 d6 6. Nge2 Nge7 7. d3 O-O 8. h4 {A26: English Opening vs King's Indian with ...Nc6 and d3} h5 9. Bg5 {LiveBook: 3 Games} Kh7 $146 ({Predecessor:} 9... Be6 10. Nd5 f6 11. Be3 Qd7 12. O-O f5 13. Bg5 Rae8 14. Qb3 Bxd5 15. cxd5 Nd8 {½-½ (43) Almasi,Z (2695)-Andriasian,Z (2608) Legnica 2013}) 10. Nd5 {White is slightly better.} f6 11. Be3 Nb8 12. d4 c6 13. Nxe7 (13. Ndc3 {is interesting.} Nd7 14. O-O f5 15. Qb3 exd4 16. Bxd4 Nc5 17. Qc2) 13... Qxe7 14. O-O Na6 15. Qd2 Nc7 16. Rad1 Be6 17. d5 cxd5 18. cxd5 Bd7 19. Rc1 Ne8 20. Qb4 b6 21. Nc3 f5 22. Bg5 Bf6 $1 {[%cal Rf6g5]} 23. f4 Rc8 24. Rce1 Bxg5 25. hxg5 {Strongly threatening fxe5.} Rf7 $1 26. Rf2 exf4 {The position is equal.} 27. gxf4 fxe4 $1 28. Nxe4 Qf8 29. Qd2 {Precision: White = 71%, Black = 58%.} 1/2-1/2